English for academic purposes : (Record no. 2323)

MARC details
000 -LEADER
fixed length control field 00759nam a2200205 ar4500
001 - CONTROL NUMBER
control field 2325
005 - DATE AND TIME OF LATEST TRANSACTION
control field 20221127090422.0
008 - FIXED-LENGTH DATA ELEMENTS--GENERAL INFORMATION
fixed length control field 101213s xxka 00110 eng d
020 ## - INTERNATIONAL STANDARD BOOK NUMBER
International Standard Book Number 9780521556187(pbk) :
Terms of availability SR89.00
082 04 - DEWEY DECIMAL CLASSIFICATION NUMBER
Classification number 428.2407
Item number J766 1997
100 1# - MAIN ENTRY--PERSONAL NAME
Personal name Jordan, R. R.
245 10 - TITLE STATEMENT
Title English for academic purposes :
Remainder of title a guide and resource book for teachers /
Statement of responsibility, etc. R. R. Jordan.
260 ## - PUBLICATION, DISTRIBUTION, ETC.
Place of publication, distribution, etc. Cambridge :
Name of publisher, distributor, etc. Cambridge University Press,
Date of publication, distribution, etc. 1997
Date of manufacture (2009 printing).
300 ## - PHYSICAL DESCRIPTION
Extent xx, 404 p. :
Other physical details ill. ;
Dimensions 23 cm.
440 #0 - SERIES STATEMENT/ADDED ENTRY--TITLE
Title Cambridge language teaching library.
504 ## - BIBLIOGRAPHY, ETC. NOTE
Bibliography, etc. note Includes bibl. references and index.
650 #4 - SUBJECT ADDED ENTRY--TOPICAL TERM
Topical term or geographic name entry element English language
General subdivision Study and teaching.
650 #4 - SUBJECT ADDED ENTRY--TOPICAL TERM
Topical term or geographic name entry element Academic writing
Form subdivision Handbooks, manuals, etc.
650 #4 - SUBJECT ADDED ENTRY--TOPICAL TERM
Topical term or geographic name entry element English language
Form subdivision Textbooks.
Holdings
Withdrawn status Lost status Source of classification or shelving scheme Damaged status Not for loan Home library Current library Date acquired Total Checkouts Full call number Barcode Date last seen Copy number Price effective from Koha item type
              11/27/2022   428.2407 J766 1997 1000000009721 11/27/2022 C1 11/27/2022 Book